| 000 | 00983 a2200301 4500 | ||
|---|---|---|---|
| 005 | 20181106074149.0 | ||
| 008 | 181030s2018 nyu||||| |||| 00| 0 eng d | ||
| 020 | _a9781108446198 | ||
| 040 |
_aCO-BoUCM _bspa _cDoris Forero _dDoris Forero |
||
| 041 | _aeng | ||
| 100 |
_aNelson, Richard _994254 |
||
| 245 |
_aModern evolutionary economics _ban overview _cNelson, Richard |
||
| 260 |
_aNew York _bCambridge University Press _c2018 |
||
| 300 | _a272 páginas | ||
| 650 | 7 |
_9174 _aEconomía |
|
| 650 | 7 |
_913689 _aEconomía evolutiva |
|
| 650 | 0 |
_944344 _aInnovación _xprogreso económico |
|
| 700 |
_aDosi, Giovanni _994255 |
||
| 700 |
_aHelfat, Constance _994256 |
||
| 700 |
_aPyka, Andreas _994257 |
||
| 700 |
_aSaviotti, Pier Paolo _994258 |
||
| 700 |
_aLee, Keun _994259 |
||
| 700 |
_aDopfer, Kurt _994260 |
||
| 700 |
_aMalerba, Franco _976323 |
||
| 700 |
_aWinter, Sidney _994261 |
||
| 942 |
_cLIBRO _2DEWEY _a7 _e1 _h330.1 _mN424 |
||
| 999 |
_c310816 _d310816 |
||